000 00295nam a22001337a 4500
008 181031b xxu||||| |||| 00| 0 eng d
020 _a9780072845112
041 _aeng
080 _a316
100 _a50
101 _aSOC
245 _aTaking Sides. Moral Issues
_cSatris, S
942 _2udc
_cBK
999 _c51330
_d51330